000 00535cab a2200205 4500
001 X408
008 090401t1993 xxu||||| |||| 00| 0 eng d
035 _a(Sirsi) u65453
041 _aeng
245 _aRedundancy action
260 _c1993
350 _a0
490 _aCS Monthly : Minerals bulletin
_v2(4) January 1993, 2(1)
650 _aABOUT RICS-RICS MEMBERS
650 _aCOAL INDUSTRY
650 _aPROVATISATION
690 _aMANAGEMENT-BUSINESS MANAGEMENT-PROFESSIONAL PRACTICE
942 _n0
948 _c04/03/1997
999 _c40814
_d40814